| 000 | 00581cam a2200217ua 4500 | ||
|---|---|---|---|
| 001 | 883 | ||
| 005 | 20260515113234.0 | ||
| 008 | 110421n ii |||gr||||Z||||||asm | ||
| 020 | _a81-7680-021-0 | ||
| 040 | _cMAIN | ||
| 082 | _a320.954 | ||
| 245 | 1 |
_aBharat sarkar aru rajniti _cby Thaneswar Lahon |
|
| 250 | _a1st. | ||
| 260 |
_aDibrugarh: _bStudents amporium, _c2004. |
||
| 300 |
_aix, 427p.: _c22cm. |
||
| 653 | _aPolitical science | ||
| 653 | _aBharator sarkar aru rajniti | ||
| 653 | _aIndian government and politics | ||
| 700 |
_aLahon, Thaneswar., _eAuthor. |
||
| 942 | _cBK | ||
| 999 |
_c806 _d806 |
||